[Event "Vojvodina Championship 2012"]
[Site "Novi Sad"]
[Date "2012.06.30"]
[Round "2"]
[White "Dimic, Pavle"]
[Black "Mastrapovic, Vladimir"]
[Result "1/2-1/2"]
[WhiteElo "2116"]
[BlackElo "2279"]
[PlyCount "68"]
[EventDate "2012.??.??"]
[Source "Perpetual Check"]

1. d4 Nf6 2. Nf3 g6 3. c4 Bg7 4. g3 O-O 5. Bg2 d5 6. cxd5 Nxd5 7. O-O Nb6 8.
Nc3 Nc6 9. e3 h6 10. Re1 Re8 11. Qe2 e5 12. dxe5 Nxe5 13. Nxe5 Bxe5 14. e4 Bg7
15. Be3 Be6 16. Rad1 Qc8 17. f4 Bg4 18. Bf3 Bxf3 19. Qxf3 Qe6 20. e5 Nc4 21.
Bc1 c6 22. b3 Nb6 23. Be3 Red8 24. Bxb6 axb6 25. Qf2 Rxd1 26. Rxd1 f6 27. Rd6
Qe7 28. Ne4 fxe5 29. Rxg6 exf4 30. Qxf4 Kh8 31. Nf6 Bxf6 32. Rxf6 Qe1+ 33. Kg2
Qe2+ 34. Kg1 Qe1+ 1/2-1/2

[Event "Vojvodina Championship 2012"]
[Site "Novi Sad"]
[Date "2012.06.30"]
[Round "2"]
[White "Okilj, Tigran"]
[Black "Azaric, Slavko"]
[Result "1/2-1/2"]
[WhiteElo "2083"]
[BlackElo "2273"]
[PlyCount "102"]
[EventDate "2012.??.??"]
[Source "Perpetual Check"]

1. d4 d6 2. c4 g6 3. Nc3 Bg7 4. g3 Nf6 5. Bg2 O-O 6. Nf3 Nc6 7. O-O Bf5 8. d5
Na5 9. Nd4 Bd7 10. b3 c5 11. dxc6 Nxc6 12. Bb2 Qa5 13. Nd5 Nxd5 14. Bxd5 Qb6
15. e3 a5 16. a3 Rfc8 17. Rb1 Nd8 18. Qd3 Qa6 19. Rfc1 e6 20. Bg2 d5 21. Qd1
dxc4 22. Bf1 Be8 23. Rxc4 Rxc4 24. bxc4 Qd6 25. Qb3 a4 26. Nb5 Qc5 27. Qa2 Bc6
28. Bxg7 Kxg7 29. Qb2+ e5 30. Bg2 Bxg2 31. Kxg2 f6 32. Qb4 Qc6+ 33. Kg1 Nf7 34.
Nc3 Rc8 35. Nxa4 Qxc4 36. Qxb7 Rc7 37. Qb4 Qc6 38. h4 g5 39. Qb5 Qe4 40. h5 g4
41. Qb8 Rc4 42. h6+ Nxh6 43. Qb7+ Qxb7 44. Rxb7+ Kg6 45. Nb6 Rc1+ 46. Kg2 Nf7
47. Nd5 Ng5 48. Ne7+ Kh5 49. Nd5 Kg6 50. Ne7+ Kh5 51. Nd5 Kg6 1/2-1/2

[Event "Vojvodina Championship 2012"]
[Site "Novi Sad"]
[Date "2012.06.30"]
[Round "2"]
[White "Cabarkapa, Velibor"]
[Black "Popovic, Milan S"]
[Result "1-0"]
[WhiteElo "2271"]
[BlackElo "2083"]
[PlyCount "108"]
[EventDate "2012.??.??"]
[Source "Perpetual Check"]

1. e4 c5 2. Nf3 d6 3. Nc3 a6 4. g3 Nc6 5. Bg2 g6 6. d3 Bg7 7. Bg5 f6 8. Be3 e5
9. Qd2 Be6 10. O-O Nge7 11. Ne2 Nd4 12. c3 Nxe2+ 13. Qxe2 O-O 14. d4 Rc8 15.
Rfd1 Qc7 16. b3 h6 17. Qd2 g5 18. dxc5 dxc5 19. Qd6 Kh7 20. Bf1 Ng6 21. Rd2
Rfe8 22. Be2 Bf8 23. Qxc7+ Rxc7 24. Rad1 Be7 25. Ne1 Kg7 26. Bh5 Rb8 27. Ng2
Nf8 28. f4 Bf7 29. Bxf7 Kxf7 30. Bf2 c4 31. b4 b5 32. fxe5 fxe5 33. Ne3 Rc6 34.
Ng4 Re6 35. Rd5 h5 36. Nxe5+ Ke8 37. Bc5 Bf6 38. Bxf8 Bxe5 39. Bc5 Bxc3 40.
Rxg5 Kf7 41. Rxh5 Kg6 42. Rh4 Rbe8 43. Kf2 Bf6 44. Rg4+ Kh5 45. Rf4 Kg6 46. Kf3
Bb2 47. Rg4+ Kh6 48. Rd5 Re5 49. Be3+ Kh7 50. Rh4+ Kg6 51. Rd6+ Kf7 52. Rxa6
Rd8 53. Rc6 c3 54. Rh7+ Kg8 1-0

[Event "Vojvodina Championship 2012"]
[Site "Novi Sad"]
[Date "2012.06.30"]
[Round "3"]
[White "Rubil, Marko"]
[Black "Drazic, Sinisa"]
[Result "0-1"]
[WhiteElo "2216"]
[BlackElo "2528"]
[PlyCount "88"]
[EventDate "2012.??.??"]
[Source "Perpetual Check"]

1. e4 c5 2. Nf3 e6 3. d4 a6 4. Bd3 d6 5. O-O cxd4 6. Nxd4 Nf6 7. c4 Qc7 8. Nc3
g6 9. Be3 Bg7 10. f3 Nbd7 11. Rc1 O-O 12. b3 b6 13. Rf2 Bb7 14. Bf1 Rfe8 15.
Re2 Rac8 16. Ndb5 axb5 17. Nxb5 Qb8 18. Nxd6 Bf8 19. Nxe8 Rxe8 20. Kh1 Qc7 21.
Qe1 e5 22. b4 Ra8 23. Qc3 Be7 24. Qb3 Bc6 25. Qc3 Ba4 26. Rd2 h5 27. Bd3 h4 28.
Bc2 Bxc2 29. Rdxc2 h3 30. gxh3 Nh5 31. Rd2 Nf4 32. Rcd1 Nf8 33. c5 bxc5 34.
bxc5 Ra6 35. Rd5 Nxd5 36. exd5 Rxa2 37. Qb3 Re2 38. Qd3 Rxe3 39. Qxe3 Bxc5 40.
Rc1 Nd7 41. Qb3 Qd6 42. Qb7 Qf6 43. Rc3 e4 44. Qb3 exf3 0-1

[Event "Vojvodina Championship 2012"]
[Site "Novi Sad"]
[Date "2012.06.30"]
[Round "3"]
[White "Saric, Sinisa"]
[Black "Ilijc, Milan"]
[Result "1-0"]
[WhiteElo "2470"]
[BlackElo "2218"]
[PlyCount "79"]
[EventDate "2012.??.??"]
[Source "Perpetual Check"]

1. d4 Nf6 2. c4 g6 3. Nc3 Bg7 4. e4 d6 5. Nf3 O-O 6. Be2 Nc6 7. Be3 a6 8. d5
Nb8 9. Nd2 e6 10. O-O Nbd7 11. Qc2 b6 12. b4 Re8 13. h3 Bb7 14. Rac1 Rc8 15.
Qb1 Qe7 16. Rfd1 Ra8 17. a3 a5 18. Nb5 Rec8 19. Nb3 axb4 20. axb4 exd5 21. exd5
Ne4 22. Bd3 f5 23. N3d4 Nf8 24. Re1 Re8 25. Qb3 Be5 26. Nf3 Bf6 27. Bd4 Qg7 28.
Bxe4 fxe4 29. Bxf6 Qxf6 30. Nd2 Re7 31. Nxe4 Qg7 32. Qc3 Rae8 33. Nf6+ Qxf6 34.
Qxf6 Rxe1+ 35. Rxe1 Rxe1+ 36. Kh2 Ba6 37. Nxc7 Bxc4 38. Qc3 Re4 39. f3 Rf4 40.
g3 1-0

[Event "Vojvodina Championship 2012"]
[Site "Novi Sad"]
[Date "2012.06.30"]
[Round "3"]
[White "Indjic, Aleksandar"]
[Black "Ratkovic, Milovan"]
[Result "1-0"]
[WhiteElo "2432"]
[BlackElo "2214"]
[PlyCount "69"]
[EventDate "2012.??.??"]
[Source "Perpetual Check"]

1. d4 d5 2. c4 Nc6 3. Nc3 dxc4 4. d5 Ne5 5. f4 Ng4 6. e4 e5 7. f5 h5 8. Nf3 Bc5
9. h3 Nf2 10. Qa4+ Bd7 11. Qxc4 Nxh1 12. Qxc5 b6 13. Qg1 Ng3 14. Bd3 Qe7 15.
Bg5 Nf6 16. O-O-O h4 17. Qe1 Qd6 18. Nxh4 Ngh5 19. g4 Nh7 20. Be3 N5f6 21. Nf3
a6 22. Qg3 b5 23. Qf2 b4 24. Bc5 bxc3 25. Bxd6 cxb2+ 26. Qxb2 cxd6 27. Qa3 O-O
28. g5 Nh5 29. Kd2 Nf4 30. h4 Bb5 31. Bf1 Rfc8 32. Qxd6 Rab8 33. Bxb5 Rxb5 34.
Qxe5 Nh3 35. Rc1 1-0

[Event "Vojvodina Championship 2012"]
[Site "Novi Sad"]
[Date "2012.06.30"]
[Round "3"]
[White "Ujhazi, Ivan"]
[Black "Tosic, Miroslav"]
[Result "0-1"]
[WhiteElo "2212"]
[BlackElo "2415"]
[PlyCount "104"]
[EventDate "2012.??.??"]
[Source "Perpetual Check"]

1. e4 c5 2. Nf3 e6 3. c3 Nf6 4. e5 Nd5 5. d4 cxd4 6. cxd4 d6 7. Nc3 Nxc3 8.
bxc3 Qc7 9. Bd2 Nc6 10. exd6 Bxd6 11. Bd3 Ne7 12. O-O Ng6 13. g3 O-O 14. Ng5 h6
15. Ne4 Be7 16. f4 Rd8 17. Nf2 Nf8 18. Be4 Bd7 19. Nd3 f5 20. Bf3 Bb5 21. Be2
Bd6 22. Ne5 Bxe2 23. Qxe2 Bxe5 24. fxe5 Ng6 25. Rac1 Rac8 26. g4 fxg4 27. Qxg4
Nxe5 28. Qxe6+ Nf7 29. Rce1 Rd6 30. Qe4 Qd7 31. Rf2 Nh8 32. Bf4 Rf6 33. Bg3
Rxf2 34. Bxf2 Nf7 35. Qe6 Qxe6 36. Rxe6 Rxc3 37. Re7 Nd6 38. Bg3 Nf5 39. Rxb7
Nxg3 40. hxg3 Rxg3+ 41. Kf1 Rd3 42. Rxa7 Rxd4 43. Rb7 Rd2 44. a4 Ra2 45. Rb4
Kh7 46. Kg1 g5 47. Kh1 Kg6 48. Kg1 h5 49. Rb6+ Kf5 50. Rb5+ Kf4 51. Rb4+ Kg3
52. Rb3+ Kh4 0-1

[Event "Vojvodina Championship 2012"]
[Site "Novi Sad"]
[Date "2012.06.30"]
[Round "3"]
[White "Bodiroga, Predrag"]
[Black "Blazeka, Matej"]
[Result "0-1"]
[WhiteElo "2395"]
[BlackElo "2202"]
[PlyCount "123"]
[EventDate "2012.??.??"]
[Source "Perpetual Check"]

1. d4 d5 2. c4 c6 3. Nc3 Nf6 4. e3 e6 5. Nf3 Nbd7 6. Qc2 b6 7. Bd3 Bb7 8. O-O
Be7 9. b3 h6 10. Bb2 O-O 11. Rad1 Rc8 12. Qe2 Qc7 13. Ne5 Nxe5 14. dxe5 dxc4
15. Bxc4 Nd7 16. f4 b5 17. Bd3 Nc5 18. Bb1 a5 19. Qc2 g6 20. Ne2 Na6 21. Nd4
Nb4 22. Qf2 Bc5 23. Qg3 Bxd4 24. Rxd4 c5 25. Rd6 c4 26. Rc1 Qe7 27. bxc4 bxc4
28. Bd4 Nd3 29. Rf1 Be4 30. Bc3 Kh7 31. Bxa5 Qa7 32. Bb6 Qa3 33. Rd4 Bb7 34.
Rd7 Bc6 35. Ra7 Qb4 36. Bd4 Be4 37. Rd1 c3 38. Bc2 Qb2 39. Bxd3 Bxd3 40. Qe1
Be4 41. Qf1 Kg7 42. Re1 Qd2 43. Qf2 Qxf2+ 44. Kxf2 c2 45. Bb2 Rcd8 46. Bc1 Rd1
47. Ra4 Bd3 48. Rb4 Rd8 49. a3 Bf5 50. Rd4 R1xd4 51. exd4 Rxd4 52. h3 Rd1 53.
a4 Kf8 54. g4 Bd3 55. f5 exf5 56. Bxh6+ Ke7 57. gxf5 Bxf5 58. h4 Bd3 59. a5 Kd7
60. Bg5 Ke6 61. Bh6 Kd5 62. Bf4 0-1

[Event "Vojvodina Championship 2012"]
[Site "Novi Sad"]
[Date "2012.06.30"]
[Round "3"]
[White "Nestorovic, Lazar"]
[Black "Paroski, Sinisa"]
[Result "1-0"]
[WhiteElo "2365"]
[BlackElo "2200"]
[PlyCount "79"]
[EventDate "2012.??.??"]
[Source "Perpetual Check"]

1. e4 e5 2. Nf3 Nc6 3. Bb5 a6 4. Ba4 Nf6 5. d3 b5 6. Bb3 Be7 7. O-O O-O 8. Re1
d6 9. c3 Na5 10. Bc2 c5 11. Nbd2 Qc7 12. Nf1 h6 13. h3 Re8 14. Ng3 Bf8 15. Nh2
Nc6 16. Qf3 Qd8 17. Nf5 Be6 18. Ng4 Nxg4 19. hxg4 d5 20. exd5 Bxd5 21. Qg3 Qd7
22. Be3 Rad8 23. a3 Be6 24. b4 cxb4 25. axb4 Rc8 26. Rec1 Ne7 27. Nh4 Nd5 28.
d4 Rxc3 29. dxe5 Rec8 30. Bf5 Bxb4 31. Rd1 Bc5 32. g5 Bxe3 33. fxe3 Bxf5 34.
Rxd5 Qxd5 35. Nxf5 Qd7 36. gxh6 g6 37. Nd6 R8c6 38. Qf4 Rxd6 39. exd6 Rd3 40.
Qf6 1-0

[Event "Vojvodina Championship 2012"]
[Site "Novi Sad"]
[Date "2012.06.30"]
[Round "3"]
[White "Petkovic, Radosav"]
[Black "Ratkovic, Miloje"]
[Result "1/2-1/2"]
[WhiteElo "2305"]
[BlackElo "2176"]
[PlyCount "70"]
[EventDate "2012.??.??"]
[Source "Perpetual Check"]

1. e4 d6 2. d4 Nf6 3. Nc3 c6 4. a4 Nbd7 5. g3 e5 6. Nge2 Be7 7. Bg2 O-O 8. O-O
Re8 9. h3 Bf8 10. g4 exd4 11. Nxd4 Nc5 12. Re1 d5 13. exd5 Rxe1+ 14. Qxe1 Nxd5
15. Nxd5 cxd5 16. Qe5 Be6 17. Nxe6 fxe6 18. b4 Bd6 19. Qe1 Ne4 20. Bxe4 dxe4
21. Qxe4 Qf6 22. Rb1 Qe5 23. Qxe5 Bxe5 24. Be3 Rc8 25. Bxa7 Ra8 26. Bc5 Rxa4
27. Rb3 Bf6 28. Re3 Kf7 29. c4 b6 30. Bd6 Be7 31. Bxe7 Kxe7 32. Rb3 Ra1+ 33.
Kg2 Rc1 34. c5 bxc5 35. bxc5 Rxc5 1/2-1/2

[Event "Vojvodina Championship 2012"]
[Site "Novi Sad"]
[Date "2012.06.30"]
[Round "3"]
[White "Cabarkapa, Novak"]
[Black "Andabaka, Zeljko"]
[Result "1-0"]
[WhiteElo "2242"]
[BlackElo "2097"]
[PlyCount "71"]
[EventDate "2012.??.??"]
[Source "Perpetual Check"]

1. e4 c5 2. Nf3 d6 3. c3 Nf6 4. Be2 e6 5. O-O Be7 6. Re1 O-O 7. Bf1 Nc6 8. d4
d5 9. e5 Nd7 10. Bf4 Qb6 11. Qd2 Re8 12. h4 Nf8 13. h5 Bd7 14. dxc5 Bxc5 15. b4
Be7 16. a4 Rac8 17. a5 Qc7 18. a6 Nb8 19. axb7 Qxb7 20. Nd4 Rc7 21. Na3 a6 22.
Nac2 Rec8 23. Re3 Be8 24. Rg3 g6 25. Ra3 Nfd7 26. hxg6 hxg6 27. Rh3 Nb6 28. Bg5
f6 29. exf6 Bd6 30. Nxe6 Rh7 31. Rxh7 Qxh7 32. Bf4 Bxf4 33. Qxf4 Qd7 34. Qh6
Qf7 35. c4 Qxf6 36. Rf3 1-0

[Event "Vojvodina Championship 2012"]
[Site "Novi Sad"]
[Date "2012.06.30"]
[Round "3"]
[White "Dimitrijevic, Radmilo"]
[Black "Nestorovic, Irena"]
[Result "1-0"]
[WhiteElo "2236"]
[BlackElo "2063"]
[PlyCount "75"]
[EventDate "2012.??.??"]
[Source "Perpetual Check"]

1. e4 e5 2. Nf3 Nc6 3. Bc4 Be7 4. d3 d6 5. c3 Nf6 6. Nbd2 O-O 7. Bb3 a6 8. Nf1
d5 9. Qe2 d4 10. Ng3 Be6 11. O-O Qd7 12. Bc2 h6 13. Bb3 Nh7 14. h3 Rad8 15. Rd1
Rfe8 16. Qc2 Bf8 17. cxd4 exd4 18. Bxe6 Rxe6 19. Nh4 Nb4 20. Qe2 Rc6 21. a3 Rc2
22. Rd2 Rxd2 23. Bxd2 Nc6 24. f4 Re8 25. Qd1 g6 26. Rc1 Be7 27. Nf3 Bf8 28. Qb3
Rb8 29. f5 Kg7 30. fxg6 fxg6 31. Ne2 Be7 32. Qd5 Rd8 33. Nexd4 Nxd4 34. Nxd4
Qxd5 35. exd5 Rxd5 36. Rxc7 Kf8 37. Ne6+ Kf7 38. Bb4 1-0

[Event "Vojvodina Championship 2012"]
[Site "Novi Sad"]
[Date "2012.06.30"]
[Round "3"]
[White "Beslin, Igor"]
[Black "Brajic, Miloje"]
[Result "0-1"]
[WhiteElo "2053"]
[BlackElo "2235"]
[PlyCount "122"]
[EventDate "2012.??.??"]
[Source "Perpetual Check"]

1. e4 Nf6 2. e5 Nd5 3. c4 Nb6 4. d4 d6 5. f4 dxe5 6. fxe5 c5 7. d5 e6 8. Nc3
exd5 9. cxd5 c4 10. Nf3 Bb4 11. d6 O-O 12. Be2 Bg4 13. O-O Nc6 14. Bg5 Qd7 15.
Bf4 Bxc3 16. bxc3 Rae8 17. Re1 Qf5 18. Bg3 Bxf3 19. Bxf3 Nxe5 20. Bxe5 Rxe5 21.
Bxb7 Rxe1+ 22. Qxe1 Qc5+ 23. Kh1 Qxd6 24. Rd1 Qa3 25. Qd2 h6 26. Be4 Na4 27.
Rc1 Re8 28. Bb1 Qe7 29. h3 Qe2 30. Qd7 Nc5 31. Qf5 Nd3 32. Rf1 f6 33. Qd5+ Kh8
34. Qf5 Re5 35. Qc8+ Kh7 36. Rg1 f5 37. Kh2 Rc5 38. Qf8 Qe5+ 39. g3 Rb5 40. Bc2
Rb8 41. Qf7 Qc5 42. Rg2 Rf8 43. Qe6 Rf6 44. Qe2 Qd5 45. Qe3 Re6 46. Qxa7 Ne1
47. Rf2 Nf3+ 48. Kg2 Nh4+ 49. Kh2 Nf3+ 50. Kg2 Re1 51. Bxf5+ Qxf5 52. Rxf3 Qc2+
53. Rf2 Qe4+ 54. Rf3 Re2+ 55. Qf2 Rxf2+ 56. Kxf2 Qc2+ 57. Kg1 Qxa2 58. g4 Qe2
59. Rg3 g5 60. Kh1 Kg6 61. Kg1 Kf6 0-1

[Event "Vojvodina Championship 2012"]
[Site "Novi Sad"]
[Date "2012.06.30"]
[Round "3"]
[White "Stone, Andrew M"]
[Black "Sokic, Dragomir"]
[Result "1/2-1/2"]
[WhiteElo "2233"]
[BlackElo "2020"]
[PlyCount "120"]
[EventDate "2012.??.??"]
[Source "Perpetual Check"]

1. c4 Nf6 2. g3 e6 3. Bg2 d5 4. Nf3 c6 5. b3 Nbd7 6. Bb2 Bd6 7. d4 O-O 8. O-O
Re8 9. Nbd2 e5 10. dxe5 Nxe5 11. cxd5 Nxd5 12. a3 Bg4 13. Re1 Qe7 14. h3 Bh5
15. e4 Nb6 16. Qc2 Rad8 17. Nd4 Qc7 18. f4 Ng6 19. e5 Bf8 20. Ne4 h6 21. Nf5
Ne7 22. Nfd6 Bg6 23. Nxe8 Rxe8 24. g4 Bxe4 25. Qxe4 Nbd5 26. Bd4 Rd8 27. Kh1 c5
28. Bf2 b6 29. Rac1 Qb8 30. Bh4 Re8 31. f5 Nc7 32. Bg3 Qc8 33. Qc4 Rd8 34. Rcd1
Rd7 35. e6 fxe6 36. Rxd7 Qxd7 37. Bxc7 Qxc7 38. Qxe6+ Kh7 39. f6 Ng8 40. f7 Nf6
41. Qf5+ Kh8 42. Qe6 Qg3 43. Rd1 Qf4 44. Qe8 Nh7 45. Rf1 Qg3 46. Rf3 Qd6 47.
Re3 g6 48. Qe5+ Qxe5 49. Rxe5 Kg7 50. Re8 c4 51. bxc4 Bxa3 52. Ra8 a5 53. Bd5
Be7 54. Kg2 Kf6 55. Kf3 Ng5+ 56. Ke2 Nxf7 57. Bxf7 Kxf7 58. Kf3 Kf6 59. Ke4 Kg5
60. Kf3 Bc5 1/2-1/2

[Event "Vojvodina Championship 2012"]
[Site "Novi Sad"]
[Date "2012.06.30"]
[Round "3"]
[White "Jacimovic, Zoran"]
[Black "Nestorovic, Nikola"]
[Result "0-1"]
[WhiteElo "2176"]
[BlackElo "2437"]
[PlyCount "74"]
[EventDate "2012.??.??"]
[Source "Perpetual Check"]

1. e4 e5 2. Nf3 Nc6 3. Bc4 Nf6 4. d3 Be7 5. O-O O-O 6. Re1 d6 7. a4 h6 8. Nbd2
Be6 9. a5 a6 10. c3 Qd7 11. Bb3 Rfe8 12. Bxe6 Qxe6 13. c4 Bd8 14. Nf1 Ne7 15.
b4 c6 16. Qc2 Ng6 17. Ng3 Bc7 18. Bb2 Nf4 19. d4 Qg4 20. dxe5 dxe5 21. Re3 Rad8
22. Ne1 Qd7 23. Nf1 Nh7 24. c5 Ng5 25. h4 Nge6 26. g3 Nd4 27. Qc4 Qg4 28. f3
Qg6 29. Kh2 Nfe6 30. Ng2 f5 31. exf5 Qxf5 32. Ne1 Kh8 33. Rc1 Rf8 34. Kg2 Qg6
35. Nd2 Nf5 36. Nf1 Nxe3+ 37. Nxe3 Rd2+ 0-1

[Event "Vojvodina Championship 2012"]
[Site "Novi Sad"]
[Date "2012.06.30"]
[Round "3"]
[White "Radlovacki, Jovan"]
[Black "Rajak, Luka"]
[Result "1-0"]
[WhiteElo "2412"]
[BlackElo "2198"]
[PlyCount "79"]
[EventDate "2012.??.??"]
[Source "Perpetual Check"]

1. e4 c5 2. Nf3 d6 3. d4 cxd4 4. Qxd4 a6 5. Be3 Nc6 6. Qd2 Nf6 7. Nc3 g6 8. h3
Bg7 9. Bd3 O-O 10. Na4 Nd7 11. c4 Rb8 12. O-O b5 13. cxb5 axb5 14. Nc3 Qa5 15.
Rac1 Nc5 16. Bb1 Bb7 17. Rfd1 Rfd8 18. Bh6 Bh8 19. h4 Na4 20. Nxa4 Qxd2 21.
Bxd2 bxa4 22. Rc4 Bxb2 23. Rxa4 Ra8 24. Rc4 Ra3 25. Bg5 f6 26. Bd2 Rda8 27. Bc2
Kf8 28. Bb3 Na5 29. Rb4 Nxb3 30. Bh6+ Kf7 31. Rxb7 Nc5 32. Rxb2 g5 33. hxg5 Kg6
34. gxf6 Kxh6 35. fxe7 Nxe4 36. Re2 R3a4 37. Rd4 Rxd4 38. Nxd4 d5 39. Rxe4 dxe4
40. Nf5+ 1-0

[Event "Vojvodina Championship 2012"]
[Site "Novi Sad"]
[Date "2012.06.30"]
[Round "3"]
[White "Elez, Nikola"]
[Black "Leskur, Dejan"]
[Result "1/2-1/2"]
[WhiteElo "2165"]
[BlackElo "2393"]
[PlyCount "65"]
[EventDate "2012.??.??"]
[Source "Perpetual Check"]

1. e4 g6 2. d4 Bg7 3. Nf3 d6 4. g3 Nf6 5. Nbd2 O-O 6. Bg2 Nc6 7. c3 e5 8. O-O
Nd7 9. Nc4 b6 10. Re1 Bb7 11. dxe5 Ncxe5 12. Nfxe5 dxe5 13. b3 Re8 14. Ba3 Bf8
15. Bxf8 Nxf8 16. Qxd8 Raxd8 17. Rad1 f6 18. f3 Kf7 19. Kf2 Ne6 20. Ke3 a5 21.
Nb2 f5 22. Bf1 Kf6 23. Bb5 Rf8 24. Bc4 f4+ 25. Ke2 g5 26. Bxe6 Kxe6 27. gxf4
gxf4 28. Rg1 Kf6 29. c4 Bc8 30. Na4 Rxd1 31. Kxd1 Be6 32. Nc3 c6 33. Kc2
1/2-1/2

[Event "Vojvodina Championship 2012"]
[Site "Novi Sad"]
[Date "2012.06.30"]
[Round "3"]
[White "Chandra, Akshat"]
[Black "Klasan, Vladimir"]
[Result "1/2-1/2"]
[WhiteElo "2155"]
[BlackElo "2355"]
[PlyCount "160"]
[EventDate "2012.??.??"]
[Source "Perpetual Check"]

1. e4 c5 2. Nf3 d6 3. d4 cxd4 4. Nxd4 Nf6 5. Nc3 Nc6 6. g3 e5 7. Nde2 Be7 8.
Bg2 O-O 9. O-O Be6 10. Nd5 Bxd5 11. exd5 Nb8 12. c4 Nbd7 13. Nc3 Rc8 14. b3 a6
15. a4 b6 16. Bb2 Re8 17. Qc2 Bf8 18. f4 exf4 19. Rxf4 Ne5 20. Raf1 Nfd7 21. h4
g6 22. Ne4 f5 23. Ng5 Bh6 24. Ne6 Qe7 25. Qc3 b5 26. axb5 axb5 27. Rd4 bxc4 28.
bxc4 Bg7 29. Rdf4 Nf6 30. c5 Nh5 31. Ra4 Bf6 32. Qa3 dxc5 33. Rd1 Qd6 34. Re1
Ng4 35. Bxf6 Ngxf6 36. Re3 Qb6 37. Rb3 Qd6 38. Ra7 Rb8 39. Qxc5 Qxc5+ 40. Nxc5
Rxb3 41. Nxb3 Nxg3 42. Nc5 Rc8 43. Ne6 Ne2+ 44. Kf2 Nc3 45. Ke3 Ncxd5+ 46. Kd4
Nb4 47. Ke5 Ng4+ 48. Kd6 Ne3 49. Bf3 Nc4+ 50. Kd7 Rb8 51. Kc7 Re8 52. Kd7 Rb8
53. Kc7 Rb5 54. Be2 Nd5+ 55. Kc6 Rb4 56. Kxd5 Ne3+ 57. Ke5 Re4+ 58. Kd6 h6 59.
Rg7+ Kh8 60. Rxg6 Kh7 61. h5 Ra4 62. Rg7+ Kh8 63. Rg6 Kh7 64. Nf8+ Kh8 65. Nd7
Rd4+ 66. Ke7 Ng4 67. Bxg4 Rxg4 68. Rxg4 fxg4 69. Ne5 g3 70. Kf6 g2 71. Nf3 Kh7
72. Kf7 Kh8 73. Kg6 Kg8 74. Ng1 Kf8 75. Kf6 Kg8 76. Ke7 Kg7 77. Ne2 Kg8 78. Kf6
Kh7 79. Kf7 Kh8 80. Kg6 Kg8 1/2-1/2

[Event "Vojvodina Championship 2012"]
[Site "Novi Sad"]
[Date "2012.06.30"]
[Round "3"]
[White "Doric, Nenad"]
[Black "Dimic, Pavle"]
[Result "1-0"]
[WhiteElo "2339"]
[BlackElo "2116"]
[PlyCount "59"]
[EventDate "2012.??.??"]
[Source "Perpetual Check"]

1. Nf3 Nf6 2. g3 g6 3. b3 Bg7 4. Bb2 O-O 5. Bg2 d6 6. d4 c5 7. c4 cxd4 8. Nxd4
d5 9. O-O Nc6 10. cxd5 Nxd5 11. Nxc6 bxc6 12. Bxg7 Kxg7 13. Qc2 Qb6 14. Nd2 a5
15. Rfc1 Ra6 16. Bf1 Nb4 17. Qb2+ Kg8 18. a3 Nd5 19. e4 Nf6 20. Bxa6 Qxa6 21.
Qc3 Qe2 22. Re1 Qh5 23. f3 Rd8 24. Red1 a4 25. b4 Ba6 26. Nf1 Rc8 27. Qe3 Qh3
28. Rd2 h5 29. Rad1 Kh7 30. Qf4 1-0

[Event "Vojvodina Championship 2012"]
[Site "Novi Sad"]
[Date "2012.06.30"]
[Round "3"]
[White "Markov, Ziva"]
[Black "Lanzani, Mario"]
[Result "1/2-1/2"]
[WhiteElo "2145"]
[BlackElo "2327"]
[PlyCount "31"]
[EventDate "2012.??.??"]
[Source "Perpetual Check"]

1. e4 e5 2. Nf3 Nc6 3. Bb5 Nf6 4. d3 Bc5 5. O-O d6 6. h3 O-O 7. Bxc6 bxc6 8.
Be3 Bb6 9. a4 Rb8 10. Bxb6 axb6 11. Na3 Qe7 12. Kh2 d5 13. Re1 dxe4 14. Nd2 g6
15. Qe2 c5 16. b3 1/2-1/2

[Event "Vojvodina Championship 2012"]
[Site "Novi Sad"]
[Date "2012.07.01"]
[Round "4"]
[White "Drazic, Sinisa"]
[Black "Kokeza, Mirko"]
[Result "1/2-1/2"]
[WhiteElo "2528"]
[BlackElo "2282"]
[PlyCount "96"]
[EventDate "2012.??.??"]
[Source "Perpetual Check"]

1. d4 g6 2. c4 Bg7 3. Nc3 d6 4. Nf3 Bg4 5. e4 Nc6 6. Be3 e5 7. d5 Nd4 8. Be2
Bxf3 9. Bxf3 Ne7 10. O-O c5 11. dxc6 Nexc6 12. g3 O-O 13. Bg2 Rb8 14. Rc1 f5
15. exf5 gxf5 16. Nb5 Qb6 17. b3 f4 18. gxf4 exf4 19. Bxd4 Nxd4 20. Nxd4 Qxd4
21. Qxd4 Bxd4 22. Rcd1 Bc5 23. Bd5+ Kh8 24. Kg2 Rf6 25. Kf3 Rh6 26. Rh1 Rh3+
27. Kg2 Rh6 28. Rd2 Rf8 29. Kf3 Rh3+ 30. Kg4 Rh6 31. h4 f3 32. h5 Rhf6 33. Kg3
Rf5 34. Rh4 Rg5+ 35. Rg4 Rxh5 36. Bxb7 Rhf5 37. Be4 Re5 38. Rd1 Rh5 39. Rd2 Re5
40. Rf4 Rg8+ 41. Kxf3 Rh5 42. Ke2 Rh2 43. Kf1 Be3 44. fxe3 Rxd2 45. Rf7 Rg7 46.
Rf8+ Rg8 47. Rf7 Rg7 48. Rf8+ Rg8 1/2-1/2

[Event "Vojvodina Championship 2012"]
[Site "Novi Sad"]
[Date "2012.07.01"]
[Round "4"]
[White "Cabarkapa, Velibor"]
[Black "Saric, Sinisa"]
[Result "1/2-1/2"]
[WhiteElo "2271"]
[BlackElo "2470"]
[PlyCount "27"]
[EventDate "2012.??.??"]
[Source "Perpetual Check"]

1. e4 d5 2. exd5 Qxd5 3. Nc3 Qd8 4. g3 Nf6 5. Bg2 c6 6. Nge2 Bf5 7. O-O e6 8.
b3 Bd6 9. Bb2 O-O 10. d3 Nbd7 11. Ne4 Be5 12. Bxe5 Nxe5 13. Nxf6+ Qxf6 14. h3
1/2-1/2

[Event "Vojvodina Championship 2012"]
[Site "Novi Sad"]
[Date "2012.07.01"]
[Round "4"]
[White "Brajic, Miloje"]
[Black "Indjic, Aleksandar"]
[Result "0-1"]
[WhiteElo "2235"]
[BlackElo "2432"]
[PlyCount "72"]
[EventDate "2012.??.??"]
[Source "Perpetual Check"]

1. e4 c5 2. Nf3 d6 3. d4 cxd4 4. Nxd4 Nf6 5. Nc3 a6 6. Bg5 e6 7. Qd2 Be7 8. f4
Qc7 9. O-O-O Nbd7 10. g4 h6 11. Bxf6 Nxf6 12. Kb1 g5 13. f5 e5 14. Nf3 b5 15.
Nd5 Nxd5 16. Qxd5 Bb7 17. Qd3 h5 18. Rg1 O-O-O 19. Qe3 d5 20. Qe1 dxe4 21.
Rxd8+ Rxd8 22. Nd2 Bc5 23. Rg3 e3 24. Nb3 h4 25. Rh3 Bb6 26. Bd3 e4 27. Be2 Qf4
28. Qc3+ Kb8 29. a4 Qf2 30. Nc1 bxa4 31. Qb4 Ka7 32. Qxa4 Qg2 33. b4 Qxh3 34.
Bxa6 Qxh2 35. Bxb7+ Kxb7 36. c4 e2 0-1

[Event "Vojvodina Championship 2012"]
[Site "Novi Sad"]
[Date "2012.07.01"]
[Round "4"]
[White "Tosic, Miroslav"]
[Black "Cabarkapa, Novak"]
[Result "1/2-1/2"]
[WhiteElo "2415"]
[BlackElo "2242"]
[PlyCount "61"]
[EventDate "2012.??.??"]
[Source "Perpetual Check"]

1. d4 Nf6 2. c4 g6 3. Nc3 Bg7 4. g3 d5 5. Bg2 dxc4 6. Qa4+ Nfd7 7. Nf3 O-O 8.
Qxc4 Nb6 9. Qd3 Nc6 10. Bg5 h6 11. Bf4 g5 12. Be3 f5 13. Rd1 Nb4 14. Qb5 Nc2+
15. Kf1 Nxe3+ 16. fxe3 Qe8 17. Qxe8 Rxe8 18. Nb5 Nd5 19. Kf2 Be6 20. Ne5 c6 21.
Bxd5 Bxd5 22. Nc7 Bxh1 23. Rxh1 Bxe5 24. dxe5 Kf7 25. e4 f4 26. gxf4 gxf4 27.
Kf3 Rac8 28. Nxe8 Rxe8 29. Kxf4 Rg8 30. Rd1 Ke6 31. Rd3 1/2-1/2

[Event "Vojvodina Championship 2012"]
[Site "Novi Sad"]
[Date "2012.07.01"]
[Round "4"]
[White "Blazeka, Matej"]
[Black "Nestorovic, Lazar"]
[Result "0-1"]
[WhiteElo "2202"]
[BlackElo "2365"]
[PlyCount "82"]
[EventDate "2012.??.??"]
[Source "Perpetual Check"]

1. e4 c5 2. Nf3 d6 3. d4 cxd4 4. Nxd4 Nf6 5. f3 a6 6. c4 Qb6 7. Nc3 Nc6 8. Nc2
e6 9. Rb1 Be7 10. Be3 Qc7 11. Qd2 O-O 12. Be2 Ne5 13. b3 Bd7 14. Rc1 Rfc8 15.
Nd4 Qd8 16. O-O Rab8 17. Rfd1 Qe8 18. a4 Kh8 19. Qa2 Qg8 20. h3 g5 21. g4 Qg7
22. Kf2 Ng6 23. Bf1 Qh6 24. Qd2 Qh4+ 25. Kg1 Nf4 26. Bxf4 gxf4 27. Qxf4 Nh5 28.
Qxf7 Rg8 29. Bg2 Rg6 30. Nf5 exf5 31. exf5 Rf8 32. Qd5 Bxf5 33. Ne2 Rg7 34. Kh2
Bf6 35. gxh5 Rxg2+ 36. Kxg2 Bxh3+ 37. Kg1 Rg8+ 38. Qxg8+ Kxg8 39. f4 Qxh5 40.
Kf2 Bg4 41. Rg1 Kf8 0-1